Signals and systems: (Record no. 26019)

MARC details
000 -LEADER
fixed length control field 00565nam a22001937a 4500
005 - DATE AND TIME OF LATEST TRANSACTION
control field 20230717115504.0
008 - FIXED-LENGTH DATA ELEMENTS--GENERAL INFORMATION
fixed length control field 230717b |||||||| |||| 00| 0 eng d
020 ## - INTERNATIONAL STANDARD BOOK NUMBER
ISBN 9789332550230
082 ## - DEWEY DECIMAL CLASSIFICATION NUMBER
Classification number 621.38223
Item number OPP-S
100 ## - MAIN ENTRY--AUTHOR
Author Name Oppenheim, Alan V.,
245 ## - TITLE STATEMENT
Title Signals and systems:
Remainder of title Oppenheim, Alan V., 1937-; Willsky, Alan S.; Young, Ian T.; Nawab, Syed Hamid
250 ## - EDITION STATEMENT
Edition statement 2nd ed.
260 ## - PUBLICATION, DISTRIBUTION, ETC.
Place of Publication India
Name of publisher, distributor, etc. Pearsons
Date of publication, distribution, etc. 2016
300 ## - PHYSICAL DESCRIPTION
Pages 944
500 ## - GENERAL NOTE
General note Include Index
650 ## - SUBJECT ADDED ENTRY--TOPICAL TERM
Subject / Department Telecommunication/Engineering
700 ## - ADDED ENTRY--PERSONAL NAME
Personal name Oppenheim, Alan V.,
952 ## - LOCATION AND ITEM INFORMATION (KOHA)
-- 0
-- 0
Holdings
Lost status Damaged status Collection code Permanent Location Current Location Shelving Location Date acquired Full Call Number Accession No./Barcode Date last seen item type Koha item type
    Engineering Superior Information Resource Center (SIRC) Superior University- Gold Campus Superior Information Resource Center (SIRC) Superior University- Gold Campus Engineering 07/17/2023 621.38223 OPP-S 2016 20155 10/03/2024 BOOK BOOK

Powered by Koha